[Event "Bekasi Percasi op 1st"]
[Site "Bekasi"]
[Date "2023.11.04"]
[Round "6"]
[White "Akmalnaidi, Akbar"]
[Black "Johan, Muhammad"]
[Result "1/2-1/2"]
[WhiteElo "2106"]
[BlackElo "2164"]
[PlyCount "114"]
[EventDate "2023.11.01"]
[EventType "swiss"]
[EventRounds "9"]
[EventCountry "INA"]
[SourceTitle "CB46_2023"]
[SourceDate "2023.11.15"]
[SourceVersion "1"]
[SourceVersionDate "2023.11.15"]
[SourceQuality "1"]

1. d4 Nf6 2. c4 b6 3. Nf3 Bb7 4. g3 e6 5. a3 d5 6. Bg2 dxc4 7. Qa4+ Nbd7 8. 0-0 a6 9. Qxc4 b5 10. Qc2 Be7 11. Nc3 0-0 12. Rd1 c5 13. Bg5 Qc7 14. Rac1 Rac8 15. Qb1 Qb8 16. Ne5 Rfe8 17. Nxd7 Nxd7 18. Bxe7 Rxe7 19. Bxb7 Qxb7 20. Ne4 cxd4 21. Rxd4 Nf8 22. Nc5 Qb6 23. b4 h6 24. Rcd1 Rec7 25. h4 e5 26. Rd5 Re8 27. Qe4 Qa7 28. Rd8 Rc8 29. Rxc8 Rxc8 30. Qxe5 a5 31. Rd6 axb4 32. axb4 Qa2 33. Qe4 Nh7 34. Ra6 Qd2 35. Ra8 Rxa8 36. Qxa8+ Nf8 37. Qe4 f5 38. Qxf5 Qxb4 39. Qd5+ Kh8 40. Nd3 Qc4 41. Qxc4 bxc4 42. Ne5 c3 43. Kf1 Ne6 44. Ke1 g5 45. hxg5 hxg5 46. Kd1 Kg7 47. e3 Nc5 48. f3 Kf6 49. Ng4+ Ke6 50. Kc2 Na4 51. e4 Kd6 52. f4 gxf4 53. gxf4 Nc5 54. Nf2 Ne6 55. f5 Nd4+ 56. Kxc3 Nxf5 57. exf5 Ke5 1/2-1/2

[Event "Bekasi Percasi op 1st"]
[Site "Bekasi"]
[Date "2023.11.03"]
[Round "4"]
[White "Akmalnaidi, Akbar"]
[Black "Mariano, Fabian Glen"]
[Result "0-1"]
[WhiteElo "2106"]
[BlackElo "1809"]
[PlyCount "78"]
[EventDate "2023.11.01"]
[EventType "swiss"]
[EventRounds "9"]
[EventCountry "INA"]
[SourceTitle "CB46_2023"]
[SourceDate "2023.11.15"]
[SourceVersion "1"]
[SourceVersionDate "2023.11.15"]
[SourceQuality "1"]

1. d4 Nf6 2. c4 e6 3. Nc3 Bb4 4. f3 c5 5. a3 Bxc3+ 6. bxc3 d6 7. e4 Nc6 8. Be3 b6 9. Bd3 0-0 10. Ne2 e5 11. 0-0 Na5 12. f4 Ba6 13. fxe5 Ne8 14. e6 Qe7 15. exf7+ Rxf7 16. Nf4 Bxc4 17. Bxc4 Nxc4 18. Qd3 Nxe3 19. Qxe3 Nc7 20. Rae1 Raf8 21. Rf2 Qd7 22. Qg3 Ne6 23. Nxe6 Qxe6 24. Rxf7 Rxf7 25. h3 h6 26. d5 Qf6 27. e5 dxe5 28. Qxe5 Qxe5 29. Rxe5 Kf8 30. Re4 b5 31. a4 a6 32. Re6 Rf6 33. Re4 c4 34. axb5 axb5 35. Re5 Kf7 36. Kh2 Rg6 37. g4 Rg5 38. Rxg5 hxg5 39. Kg3 b4 0-1

[Event "Asia-Oceania Uni"]
[Site "Tornelo INT"]
[Date "2022.12.23"]
[Round "8"]
[White "Li, Di"]
[Black "Akmalnaidi, Akbar"]
[Result "0-1"]
[WhiteElo "2546"]
[BlackElo "2106"]
[PlyCount "86"]
[EventDate "2022.12.21"]
[EventType "swiss (rapid)"]
[EventRounds "9"]
[EventCountry "NET"]
[SourceTitle "CBM 211 Extra"]
[Source "ChessBase"]
[SourceDate "2023.01.31"]
[SourceVersion "1"]
[SourceVersionDate "2023.01.31"]
[SourceQuality "1"]

1. Nf3 d5 2. e3 Nf6 3. c4 e6 4. b3 Be7 5. Bb2 0-0 6. Nc3 b6 7. Ne2 dxc4 8. bxc4 Bb7 9. Ng3 c5 10. Be2 Nc6 11. 0-0 Qc7 12. Qc2 Rfd8 13. a3 h6 14. Ne1 Rd7 15. f4 Rad8 16. Nf3 Na5 17. Rad1 Qc6 18. Rf2 Ng4 19. Ne5 Nxe5 20. Bxe5 Bh4 21. Rf3 Qc8 22. Nh5 Bxf3 23. gxf3 f5 24. Kh1 Nc6 25. Bc3 Nd4 26. exd4 cxd4 27. Rg1 dxc3 28. Qxc3 Qb7 29. c5 bxc5 30. Bc4 Kh8 31. Kg2 Kh7 32. Kh3 Bf2 33. Rg2 Bd4 34. Qd3 g6 35. Bxe6 Bg7 36. Qe3 Rd3 37. Bxf5 Rxe3 38. Bxg6+ Kh8 39. dxe3 Qxf3+ 40. Rg3 Qf1+ 41. Kh4 Rd2 42. h3 Rg2 43. Bd3 Qf2 0-1

[Event "Asia-Oceania Uni"]
[Site "Tornelo INT"]
[Date "2022.12.22"]
[Round "4"]
[White "Akmalnaidi, Akbar"]
[Black "Agibileg, Uurtsaikh"]
[Result "1/2-1/2"]
[WhiteElo "2106"]
[BlackElo "2441"]
[PlyCount "160"]
[EventDate "2022.12.21"]
[EventType "swiss (rapid)"]
[EventRounds "9"]
[EventCountry "NET"]
[SourceTitle "CBM 211 Extra"]
[Source "ChessBase"]
[SourceDate "2023.01.31"]
[SourceVersion "1"]
[SourceVersionDate "2023.01.31"]
[SourceQuality "1"]

1. d4 Nf6 2. c4 g6 3. Nc3 Bg7 4. e4 d6 5. Nf3 0-0 6. Be2 e5 7. 0-0 Nc6 8. d5 Ne7 9. b4 Nd7 10. Be3 f5 11. Ng5 Nf6 12. f3 c6 13. Qb3 h6 14. Ne6 Bxe6 15. dxe6 Qc8 16. Rfd1 Qxe6 17. Rxd6 Qf7 18. c5 Qxb3 19. axb3 a6 20. Rad1 Rae8 21. h3 Nc8 22. Bc4+ Kh7 23. R6d2 Na7 24. Bd3 f4 25. Bf2 Rd8 26. Bc4 Rxd2 27. Rxd2 Re8 28. Kf1 Bf8 29. Ke2 Kg7 30. Na4 Be7 31. Rd3 Bd8 32. Be1 Nb5 33. Bxb5 axb5 34. Nb6 Bxb6 35. cxb6 Kf7 36. Bf2 g5 37. Bc5 Ra8 38. Rd2 h5 39. Kd1 Ra1+ 40. Ke2 Ra8 41. Kd1 g4 42. hxg4 hxg4 43. fxg4 Rg8 44. Ra2 Nxe4 45. Ra7 Rd8+ 46. Ke2 Rd7 47. Ra8 Nc3+ 48. Ke1 Rd1+ 49. Kf2 Rd2+ 50. Kf3 Rd3+ 51. Kf2 Ne4+ 52. Ke2 Rd2+ 53. Kf1 Ng3+ 54. Ke1 Re2+ 55. Kd1 Rxg2 56. Rb8 e4 57. Rxb7+ Kf6 58. g5+ Kg6 59. Re7 e3 60. Bxe3 fxe3 61. Rxe3 Nf1 62. Re6+ Kxg5 63. b7 Rd2+ 64. Ke1 Rd8 65. Kxf1 Rb8 66. Re7 Kf6 67. Rh7 Ke6 68. Ke2 Kd6 69. Kd3 Rg8 70. Ke4 Rg4+ 71. Kf5 Rg8 72. Rf7 Rh8 73. Kf6 Re8 74. Kf5 Re5+ 75. Kf4 Re8 76. Rh7 Rg8 77. Ke4 Rg4+ 78. Kd3 Rg8 79. Rf7 Rh8 80. Rh7 Rg8 1/2-1/2

[Event "Asia-Oceania Uni"]
[Site "Tornelo INT"]
[Date "2022.12.21"]
[Round "2"]
[White "Akmalnaidi, Akbar"]
[Black "Pang, Tao"]
[Result "0-1"]
[WhiteElo "2106"]
[BlackElo "2433"]
[PlyCount "108"]
[EventDate "2022.12.21"]
[EventType "swiss (rapid)"]
[EventRounds "9"]
[EventCountry "NET"]
[SourceTitle "CBM 211 Extra"]
[Source "ChessBase"]
[SourceDate "2023.01.31"]
[SourceVersion "1"]
[SourceVersionDate "2023.01.31"]
[SourceQuality "1"]

1. d4 d5 2. Nf3 Nf6 3. Bf4 c5 4. e3 Nc6 5. c3 Qb6 6. Qb3 c4 7. Qc2 Bf5 8. Qc1 e6 9. Nbd2 h6 10. h3 Be7 11. Be2 0-0 12. 0-0 Rfc8 13. Bd1 Qd8 14. Bc2 b5 15. Bxf5 exf5 16. b3 Bd6 17. bxc4 bxc4 18. Qc2 Ne4 19. Bxd6 Qxd6 20. Rab1 Rab8 21. Rxb8 Rxb8 22. Rb1 Rxb1+ 23. Nxb1 g6 24. Qb2 Qc7 25. Qb5 Qb6 26. Qxb6 axb6 27. Nfd2 b5 28. Kf1 Kf8 29. Ke2 Ke7 30. f3 Nxd2 31. Kxd2 Kd6 32. Kc2 Nd8 33. Nd2 Ne6 34. g3 g5 35. e4 f4 36. e5+ Kd7 37. g4 Nf8 38. Kb2 Kc6 39. Ka3 Ng6 40. Kb4 Kb6 41. a4 bxa4 42. Kxa4 Nh4 43. Kb4 Ng2 44. Ka3 Kb5 45. Kb2 Ne1 46. Kc1 Nd3+ 47. Kd1 Ka4 48. Kc2 Nf2 49. Nf1 Nxh3 50. Kd2 Kb3 51. Nh2 Ng1 52. Ke1 Kxc3 53. Kf2 Kd3 54. Kxg1 c3 0-1

[Event "Bekasi Scua op 2nd"]
[Site "Bekasi"]
[Date "2022.04.17"]
[Round "9"]
[White "Akmalnaidi, Akbar"]
[Black "Satria, Duta Cahaya"]
[Result "1-0"]
[WhiteElo "2074"]
[BlackElo "1931"]
[PlyCount "71"]
[EventDate "2022.04.13"]
[EventType "swiss"]
[EventRounds "9"]
[EventCountry "INA"]
[SourceTitle "EXT 2023"]
[Source "ChessBase"]
[SourceDate "2022.10.05"]
[SourceVersion "1"]
[SourceVersionDate "2022.10.05"]
[SourceQuality "1"]

1. d4 d5 2. c4 Nc6 3. Nc3 Nf6 4. Nf3 Bf5 5. cxd5 Nxd5 6. Qb3 e6 7. a3 Rb8 8. e4 Nxc3 9. exf5 Nd5 10. Bc4 Qd7 11. Bd2 Bd6 12. 0-0 0-0 13. Rfe1 Nce7 14. fxe6 fxe6 15. Ng5 Rf6 16. Qh3 Rh6 17. Qg4 Nf5 18. g3 c6 19. Bd3 Nf6 20. Qd1 Nxd4 21. Nxe6 Nxe6 22. Bxh6 Nc7 23. Bg5 Rf8 24. Bxf6 Rxf6 25. Qh5 g6 26. Qg5 Kg7 27. Bc4 h6 28. Qd2 Qg4 29. Be2 Qf5 30. Bd3 Qg4 31. Re4 Qd7 32. Bc4 Qf5 33. Rae1 Nd5 34. b4 b6 35. Re6 Qf3 36. R1e3 1-0

[Event "Bekasi Scua op 2nd"]
[Site "Bekasi"]
[Date "2022.04.16"]
[Round "6"]
[White "Marentek, Hanny"]
[Black "Akmalnaidi, Akbar"]
[Result "1/2-1/2"]
[WhiteElo "2028"]
[BlackElo "2074"]
[PlyCount "61"]
[EventDate "2022.04.13"]
[EventType "swiss"]
[EventRounds "9"]
[EventCountry "INA"]
[SourceTitle "EXT 2023"]
[Source "ChessBase"]
[SourceDate "2022.10.05"]
[SourceVersion "1"]
[SourceVersionDate "2022.10.05"]
[SourceQuality "1"]

1. d4 d5 2. c4 dxc4 3. e3 Nf6 4. Bxc4 e6 5. Nf3 c5 6. 0-0 a6 7. dxc5 Bxc5 8. Qxd8+ Kxd8 9. a3 b5 10. Be2 Bb7 11. b4 Bb6 12. Bb2 Nbd7 13. Nbd2 Rc8 14. Rfc1 Ke7 15. Kf1 Rhd8 16. a4 Rxc1+ 17. Bxc1 bxa4 18. Rxa4 Nd5 19. Bxa6 Ra8 20. Bb5 Rxa4 21. Bxa4 Nxb4 22. Ba3 Bc5 23. Nb3 Bd6 24. Na5 Bd5 25. Nd4 Nb8 26. Nb5 N8a6 27. Nxd6 Kxd6 28. Bb5 Kc7 29. Nc4 f6 30. f3 Bc6 31. Bxc6 1/2-1/2

[Event "Bekasi Scua op 2nd"]
[Site "Bekasi"]
[Date "2022.04.15"]
[Round "5"]
[White "Akmalnaidi, Akbar"]
[Black "Endi, Gunawan"]
[Result "1-0"]
[WhiteElo "2074"]
[BlackElo "1892"]
[PlyCount "87"]
[EventDate "2022.04.13"]
[EventType "swiss"]
[EventRounds "9"]
[EventCountry "INA"]
[SourceTitle "EXT 2023"]
[Source "ChessBase"]
[SourceDate "2022.10.05"]
[SourceVersion "1"]
[SourceVersionDate "2022.10.05"]
[SourceQuality "1"]

1. d4 Nf6 2. c4 e6 3. Nc3 Bb4 4. f3 d5 5. a3 Bxc3+ 6. bxc3 0-0 7. cxd5 exd5 8. e3 c5 9. Bd3 Nc6 10. Ne2 Re8 11. 0-0 Bd7 12. Ng3 Rc8 13. Ra2 Na5 14. Re2 cxd4 15. cxd4 Nc4 16. Kh1 b5 17. Qe1 Qb6 18. Qf2 Nd6 19. e4 Rc3 20. Bb1 dxe4 21. fxe4 Ng4 22. Qf4 Qxd4 23. Rd2 Qe3 24. Rxd6 Qxf4 25. Bxf4 Be6 26. Rf3 Rcc8 27. h3 Nf6 28. Bd3 Rb8 29. Ra6 Rb7 30. Bd6 Rc8 31. Nf5 Bxf5 32. Rxf5 Rc3 33. Rxb5 Rxb5 34. Bxb5 Nxe4 35. Bb4 Rc7 36. Rc6 Rxc6 37. Bxc6 Nf2+ 38. Kg1 Nd3 39. Bd6 g5 40. Kf1 h6 41. Ke2 Nc1+ 42. Kd2 Nb3+ 43. Kc3 Nc1 44. Bb5 1-0

[Event "Bekasi Scua op 2nd"]
[Site "Bekasi"]
[Date "2022.04.14"]
[Round "3"]
[White "Akmalnaidi, Akbar"]
[Black "Walukow, Theodora Paulina"]
[Result "1-0"]
[WhiteElo "2074"]
[BlackElo "1889"]
[PlyCount "59"]
[EventDate "2022.04.13"]
[EventType "swiss"]
[EventRounds "9"]
[EventCountry "INA"]
[SourceTitle "EXT 2023"]
[Source "ChessBase"]
[SourceDate "2022.10.05"]
[SourceVersion "1"]
[SourceVersionDate "2022.10.05"]
[SourceQuality "1"]

1. d4 Nf6 2. c4 g6 3. Nc3 d5 4. cxd5 Nxd5 5. e4 Nxc3 6. bxc3 Bg7 7. Bc4 c5 8. Ne2 0-0 9. 0-0 cxd4 10. cxd4 Nc6 11. Be3 b6 12. Qd2 Bb7 13. Rac1 e5 14. d5 Na5 15. Bd3 f5 16. f3 f4 17. Bf2 Kh8 18. Qb4 g5 19. Nc3 Rf6 20. Rfd1 Rg6 21. Nb5 Bc8 22. Nc7 Rb8 23. Ne6 Bxe6 24. dxe6 Qf6 25. e7 g4 26. fxg4 Rxg4 27. Be2 Rg5 28. Qd6 Rg8 29. Bb5 Qf7 30. e8Q 1-0

[Event "Bekasi Scua op 1st"]
[Site "Bekasi"]
[Date "2022.01.16"]
[Round "9"]
[White "Stevanky"]
[Black "Akmalnaidi, Akbar"]
[Result "1/2-1/2"]
[WhiteElo "1729"]
[BlackElo "2104"]
[PlyCount "67"]
[EventDate "2022.01.12"]
[EventType "swiss"]
[EventRounds "9"]
[EventCountry "INA"]
[SourceTitle "CBM 206 Extra"]
[Source "ChessBase"]
[SourceDate "2022.03.31"]
[SourceVersion "1"]
[SourceVersionDate "2022.03.31"]
[SourceQuality "1"]

1. e4 e5 2. Nf3 Nc6 3. Bc4 Bc5 4. d3 Nf6 5. Nc3 d6 6. Bg5 h6 7. Bxf6 Qxf6 8. Nd5 Qd8 9. c3 0-0 10. b4 Bb6 11. 0-0 Ne7 12. Nxb6 axb6 13. d4 Ng6 14. dxe5 dxe5 15. Qc1 Qf6 16. Qe3 Rd8 17. g3 Bh3 18. Rfd1 Rxd1+ 19. Rxd1 Bg4 20. Kg2 Kf8 21. h3 Bxf3+ 22. Qxf3 Qxf3+ 23. Kxf3 Ke7 24. Ke3 f6 25. Bb3 Rd8 26. Ra1 Nf8 27. a4 Ra8 28. Ra2 Nd7 29. h4 c6 30. f4 Kd6 31. Rd2+ Ke7 32. Ra2 Kd6 33. Rd2+ Ke7 34. Ra2 1/2-1/2

[Event "Bekasi Scua op 1st"]
[Site "Bekasi"]
[Date "2022.01.15"]
[Round "6"]
[White "Akmalnaidi, Akbar"]
[Black "Julio, Diaz"]
[Result "1-0"]
[WhiteElo "2104"]
[BlackElo "1788"]
[PlyCount "32"]
[EventDate "2022.01.12"]
[EventType "swiss"]
[EventRounds "9"]
[EventCountry "INA"]
[SourceTitle "CBM 206 Extra"]
[Source "ChessBase"]
[SourceDate "2022.03.31"]
[SourceVersion "1"]
[SourceVersionDate "2022.03.31"]
[SourceQuality "1"]

1. d4 Nf6 2. c4 e6 3. Nc3 d5 4. cxd5 exd5 5. Bg5 Be7 6. Qc2 c6 7. e3 Nbd7 8. Bd3 0-0 9. Nge2 Re8 10. 0-0 Nf8 11. f3 Ne6 12. Bxf6 Bxf6 13. Bxh7+ Kf8 14. Bf5 Qd6 15. Rad1 Ng5 16. Bxc8 Raxc8 1-0

[Event "Asia-ch U20"]
[Site "Surakarta"]
[Date "2019.07.02"]
[Round "2"]
[White "Akmalnaidi, Akbar"]
[Black "Quizon, Daniel"]
[Result "0-1"]
[WhiteElo "2176"]
[BlackElo "2336"]
[PlyCount "96"]
[EventDate "2019.07.02"]
[EventType "swiss"]
[EventRounds "9"]
[EventCountry "INA"]
[SourceTitle "CBM 191 Extra"]
[Source "ChessBase"]
[SourceDate "2019.09.30"]
[SourceVersion "1"]
[SourceVersionDate "2019.09.30"]
[SourceQuality "1"]

1. d4 Nf6 2. c4 c5 3. d5 b5 4. cxb5 a6 5. b6 Qxb6 6. Nc3 g6 7. g3 d6 8. Bg2 Bg7 9. Nf3 0-0 10. 0-0 a5 11. Re1 Nbd7 12. h3 Ba6 13. Qc2 Rfb8 14. Rb1 a4 15. Bf4 a3 16. bxa3 Qa5 17. a4 Nb6 18. Bd2 Bc4 19. e4 Qa6 20. Bf1 Bxf1 21. Rxf1 Rc8 22. Rb3 Nfd7 23. Rfb1 Nc4 24. Bg5 Na5 25. Rb5 h6 26. Bc1 Nc4 27. Kg2 Ra7 28. R1b3 Ndb6 29. Nd2 Nxd2 30. Bxd2 Nxa4 31. Rb8 Rxb8 32. Rxb8+ Kh7 33. Nb5 Rd7 34. Qd1 Nb6 35. Qf3 e5 36. dxe6 fxe6 37. Qb3 c4 38. Qb4 d5 39. Bc3 e5 40. exd5 Nxd5 41. Qxc4 h5 42. Bb2 Qe6 43. Qe4 Nf6 44. Qa8 Rd2 45. Nc7 Qc4 46. Bxe5 Qc5 47. Qf3 Qxe5 48. Rb7 Ne4 0-1

[Event "Jakarta Gunadarma"]
[Site "Jakarta"]
[Date "2018.07.20"]
[Round "1"]
[White "Singgih, Diajeng Theresa"]
[Black "Akmalnaidi, Akbar"]
[Result "0-1"]
[WhiteElo "1894"]
[BlackElo "2144"]
[PlyCount "49"]
[EventDate "2018.07.20"]
[EventType "tourn"]
[EventRounds "10"]
[EventCountry "INA"]
[SourceTitle "CBM 186 Extra"]
[Source "ChessBase"]
[SourceDate "2018.08.24"]
[SourceVersion "1"]
[SourceVersionDate "2018.08.24"]
[SourceQuality "1"]

1. e4 e5 2. Nf3 Nc6 3. Bb5 a6 4. Ba4 Nf6 5. 0-0 b5 6. Bb3 Bc5 7. c3 d6 8. d4 Bb6 9. Re1 0-0 10. Bg5 h6 11. Bh4 g5 12. Nxg5 hxg5 13. Bxg5 exd4 14. Bd5 Bd7 15. Qf3 Kg7 16. Nd2 Ne5 17. Qg3 Nh5 18. Qh4 f6 19. Bxa8 fxg5 20. Qxh5 Bg4 21. Qxg4 Nxg4 22. h3 dxc3 23. Nf3 Bxf2+ 24. Kh1 Bxe1 25. Nd4 0-1

[Event "World ol U16"]
[Site "Ahmedabad"]
[Date "2017.12.14"]
[Round "5.1"]
[White "Mazibuko, Khanya"]
[Black "Akmalnaidi, Akbar"]
[Result "1/2-1/2"]
[WhiteElo "1836"]
[BlackElo "2146"]
[PlyCount "139"]
[EventDate "2017.12.11"]
[EventType "team-swiss"]
[EventRounds "9"]
[EventCountry "IND"]
[SourceTitle "CBM 182 Extra"]
[Source "ChessBase"]
[SourceDate "2018.02.23"]
[SourceVersion "1"]
[SourceVersionDate "2018.02.23"]
[SourceQuality "1"]
[WhiteTeam "South Africa"]
[BlackTeam "Indonesia"]
[WhiteTeamCountry "RSA"]
[BlackTeamCountry "INA"]

1. e4 e5 2. Nf3 Nc6 3. Bc4 Bc5 4. c3 Nf6 5. d3 d6 6. Bb3 a6 7. h3 0-0 8. Bg5 Ba7 9. Nbd2 Be6 10. Bc2 Re8 11. Nf1 h6 12. Bh4 d5 13. Qe2 b5 14. Ne3 Bxe3 15. Qxe3 d4 16. cxd4 exd4 17. Qd2 Kh7 18. g4 Qd6 19. Bg3 Qd7 20. 0-0 Ng8 21. Rfc1 Rec8 22. Bd1 Nd8 23. Qb4 Nc6 24. Qc5 Nge7 25. Ne5 Nxe5 26. Bxe5 Ng6 27. Bg3 f6 28. f4 Bg8 29. Bf3 c6 30. Kh2 Ne7 31. a4 Bb3 32. axb5 cxb5 33. Qb4 Bc2 34. Qd2 Ba4 35. e5 Nd5 36. Be4+ Kh8 37. exf6 gxf6 38. f5 Kh7 39. Rxc8 Rxc8 40. Rc1 Ne3 41. Kg1 h5 42. Bf3 hxg4 43. hxg4 Bb3 44. Qh2+ Kg7 45. Qd2 Bd5 46. Bxd5 Rxc1+ 47. Qxc1 Nxd5 48. Qc5 Ne3 49. g5 Nxf5 50. gxf6+ Kxf6 51. Be5+ Ke6 52. Bf4 Qg7+ 53. Kf2 Qf6 54. Qc8+ Kf7 55. Kf3 Nh4+ 56. Ke4 Ng6 57. Qf5 Nxf4 58. Kxf4 a5 59. Qxf6+ Kxf6 60. Ke4 Ke6 61. Kxd4 Kd6 62. b3 Kc6 63. Ke5 Kc5 64. d4+ Kb4 65. d5 a4 66. bxa4 bxa4 67. d6 a3 68. d7 a2 69. d8Q a1Q+ 70. Qd4+ 1/2-1/2

[Event "World ol U16"]
[Site "Ahmedabad"]
[Date "2017.12.12"]
[Round "2.1"]
[White "Akmalnaidi, Akbar"]
[Black "Hua, Eugene"]
[Result "0-1"]
[WhiteElo "2146"]
[BlackElo "2260"]
[PlyCount "146"]
[EventDate "2017.12.11"]
[EventType "team-swiss"]
[EventRounds "9"]
[EventCountry "IND"]
[SourceTitle "CBM 182 Extra"]
[Source "ChessBase"]
[SourceDate "2018.02.23"]
[SourceVersion "1"]
[SourceVersionDate "2018.02.23"]
[SourceQuality "1"]
[WhiteTeam "Indonesia"]
[BlackTeam "Canada"]
[WhiteTeamCountry "INA"]
[BlackTeamCountry "CAN"]

1. d4 Nf6 2. c4 e6 3. Nc3 d5 4. cxd5 exd5 5. Bg5 Nbd7 6. e3 c6 7. Bd3 Be7 8. Nge2 Nh5 9. Bxe7 Qxe7 10. Qc2 Nb6 11. a3 g6 12. b4 a6 13. Rb1 Ng7 14. Na4 Nxa4 15. Qxa4 0-0 16. 0-0 Bf5 17. Qb3 Bxd3 18. Qxd3 Nf5 19. a4 Nd6 20. a5 f5 21. Rfe1 Rae8 22. g3 g5 23. Nc3 Rf6 24. Na4 h5 25. Nc5 h4 26. Kg2 g4 27. Rh1 h3+ 28. Kf1 Nf7 29. Ke2 Ng5 30. Rbf1 Ne4 31. Kd1 Qc7 32. Na4 Qe7 33. Nc5 Qc7 34. Na4 Nd6 35. Kc2 Nc4 36. Ra1 Rf7 37. Rhe1 Qd6 38. Nc5 Qf6 39. Kb3 Rfe7 40. Rac1 Nd6 41. Nxa6 bxa6 42. Rxc6 Re6 43. Qxa6 Nc4 44. Rxe6 Qxe6 45. Qxe6+ Rxe6 46. Ka4 Nb2+ 47. Kb5 Re8 48. Rb1 Nc4 49. Kc5 Nd2 50. Rd1 Ne4+ 51. Kc6 Rb8 52. b5 Nc3 53. b6 Rc8+ 54. Kd7 Rf8 55. a6 Rf7+ 56. Kc6 Rf6+ 57. Kc7 Nb5+ 58. Kb7 Nd6+ 59. Kb8 Nb5 60. Kb7 Nd6+ 61. Kc6 Nc4+ 62. Kxd5 Nxb6+ 63. Kc5 Na4+ 64. Kd5 Rxa6 65. Ke5 Nc3 66. Rc1 Ra5+ 67. Kf6 Ne4+ 68. Kg6 Kf8 69. Rc2 Ke7 70. Rb2 Ke6 71. Rc2 Ra1 72. d5+ Ke5 73. Rc8 Nd6 0-1

[Event "World ol U16"]
[Site "Ahmedabad"]
[Date "2017.12.12"]
[Round "3.1"]
[White "Zarubitski, Viachaslau"]
[Black "Akmalnaidi, Akbar"]
[Result "1-0"]
[WhiteElo "2330"]
[BlackElo "2146"]
[PlyCount "99"]
[EventDate "2017.12.11"]
[EventType "team-swiss"]
[EventRounds "9"]
[EventCountry "IND"]
[SourceTitle "CBM 182 Extra"]
[Source "ChessBase"]
[SourceDate "2018.02.23"]
[SourceVersion "1"]
[SourceVersionDate "2018.02.23"]
[SourceQuality "1"]
[WhiteTeam "Belarus"]
[BlackTeam "Indonesia"]
[WhiteTeamCountry "BLR"]
[BlackTeamCountry "INA"]

1. e4 e5 2. Nf3 Nc6 3. Bb5 a6 4. Ba4 Nf6 5. 0-0 b5 6. Bb3 Be7 7. Re1 d6 8. c3 0-0 9. h3 Bb7 10. d4 Re8 11. Ng5 Rf8 12. Nf3 Re8 13. Nbd2 Nd7 14. Nf1 exd4 15. cxd4 Bf6 16. Rb1 Na5 17. Bc2 c5 18. d5 Nc4 19. N3h2 Nce5 20. Ng3 Ng6 21. Rf1 Nb6 22. Ng4 Be5 23. f4 Bd4+ 24. Kh1 Bc8 25. Nh2 Nc4 26. Qd3 a5 27. Nf3 Bf6 28. b3 Nb6 29. Rf2 b4 30. Qd1 Bd7 31. Nh5 Bc3 32. Bd2 Bxd2 33. Qxd2 a4 34. f5 axb3 35. axb3 Ne5 36. f6 Nxf3 37. Rxf3 Re5 38. Nxg7 Kh8 39. Qh6 Qf8 40. Rf4 Ra2 41. Bd3 Qg8 42. Rh4 Bc8 43. Bb5 Ra5 44. Bc6 Ra2 45. Rf1 Rc2 46. Ra1 c4 47. Ra7 cxb3 48. Rxf7 Re8 49. Bxe8 Rc7 50. Qxh7+ 1-0

[Event "Bangkok op 17th"]
[Site "Bangkok"]
[Date "2017.04.09"]
[Round "2"]
[White "Gustafsson, Jan"]
[Black "Akmalnaidi, Akbar"]
[Result "1/2-1/2"]
[WhiteElo "2626"]
[BlackElo "2196"]
[PlyCount "131"]
[EventDate "2017.04.08"]
[EventType "swiss"]
[EventRounds "9"]
[EventCountry "THA"]
[SourceTitle "CBM 177 Extra"]
[Source "ChessBase"]
[SourceDate "2017.04.27"]
[SourceVersion "1"]
[SourceVersionDate "2017.04.27"]
[SourceQuality "1"]

1. Nf3 d5 2. d4 Nf6 3. c4 dxc4 4. e3 e6 5. Bxc4 c5 6. 0-0 a6 7. b3 b5 8. Be2 Bb7 9. Bb2 Nbd7 10. Nbd2 Be7 11. a4 Qb6 12. dxc5 Bxc5 13. axb5 axb5 14. Rxa8+ Bxa8 15. Nd4 b4 16. Nc4 Qb8 17. Qa1 0-0 18. Qa6 Qb7 19. Qxb7 Bxb7 20. Ra1 Ra8 21. Rxa8+ Bxa8 22. Bf3 Bxf3 23. Nxf3 Nd5 24. Kf1 f6 25. Ke2 Kf7 26. Kd3 e5 27. Ncd2 Ke6 28. Kc4 Nc7 29. Ne1 Be7 30. Nc2 Nb6+ 31. Kd3 Na6 32. e4 Nc5+ 33. Ke2 Nb7 34. Ne1 Na5 35. Nd3 Nd7 36. f4 exf4 37. Nxf4+ Kd6 38. Kd3 Kc6 39. Kc2 Bd6 40. g3 Nc5 41. Bd4 Nd7 42. Nf3 Nb7 43. Be3 Bc5 44. Bd2 Nd6 45. Kd3 Nf7 46. Ke2 Nd6 47. Kd3 Nf7 48. Nd5 Nfe5+ 49. Nxe5+ Nxe5+ 50. Ke2 Kb5 51. Nc7+ Kc6 52. Ne6 g6 53. h3 Kd6 54. Nf4 Nc6 55. Nd5 Nd4+ 56. Kd3 Nxb3 57. Bf4+ Kc6 58. Nxf6 h5 59. g4 hxg4 60. Nxg4 Bd6 61. Bxd6 Kxd6 62. Kc4 Nd2+ 63. Kxb4 Nxe4 64. Kc4 Ng5 65. Kd4 Nxh3 66. Ne5 1/2-1/2